000 00421nam a2200145Ia 4500
008 231129s1993||||xx |||||||||||||| ||spa||
020 _a958-9353-01-0
040 _bspa
082 _a341.481 M178s
100 _aMadrid-Malo Garizabal Mario
245 0 _aSiluetas para una historia de los derechos humanos
260 _c1993
264 _aDefensoria del pueblo
942 _2ddc
_cBKS
999 _c24614
_d24614